000 00719nam a22002297a 4500
005 20170124110101.0
010 _aA-023243
020 _c00.00
035 _aA-023243
037 _bCen Lib/Ret
040 _aDPL
_bEN
082 _a921
_bGAN
100 _aCarras, Mary C.
_927099
245 _aIndira Gandhi :
_cby Mary C. Carras
_bin the crucible of leadership : a political biography /
260 _aBombay
_bJaico Publishing House
_c1980
270 _bBombay
_a121 M. G. Road
_e400023
300 _a289p.
_c20cm(Hb)
500 _aIncludes index
650 _aGandhi, Indira, -- 1917-1984
_927100
650 _aIndia -- Politics and government -- 1947-
_914822
942 _2ddc
_cEN
_h921
_mGAN
999 _c129674
_d129674